000 01138nam a22002537a 4500
005 20100910150449.0
008 100910t xxu||||| |||| 00| 0 hin d
010 _aHIN-90469
020 _c95.00
_a8128815474
035 _aHN-62815
037 _bDBAD / PUB
040 b _aDPL
_bHN
082 _a420
100 _919362
_aकुसुम वीर
245 _aराजभाषा व्यवहार /
_cकुसुम वीर एवं मोहर सिंह दोहरे
260 _aनई दिल्ली
_bडायमंड पॉकेट बुक्स
_c2007
270 _bनई दिल्ली
_ax-30, ओखला इंडस्ट्रियल एरिया, फेज-11
_e110020
_k011 40712100
_l011 41611866
_msales@dpb.in
300 _a191पृ.
_c22सेमी (अजिल्द)
650 _91169
700 _919359
_aदोहरे, मोहर सिंह
700 _919788
942 _2ddc
_cHN
_mकुसुम
_h420
999 _c45702
_d45702